000 00439 a2200157 4500
005 20250621083152.0
020 _a0-256-07977-3
082 _a658.83 DIL
100 _aDILLION, W. R.
245 _aMarketing Research in a Marketing Environment
250 _a2nd Ed.
260 _aBoston,
_bIrwin,
_c1987.
300 _axxiv, 853p.: ill., figure, table,
_bGlossary, index,
_c24cm.
700 _aMADDEN, T. J. & FIRTLE, N. H.
942 _2ddc
_cBKS
999 _c445
_d445